Pre 2000 Mount Rushmore for MLB Teams - Statistics

General Stats
  • This quiz has been taken 7 times
  • The average score is 71 of 112
Answer Stats
Team Position Answer % Correct
Yankees LF Babe Ruth
100%
Cardinals SP Bob Gibson
100%
Orioles SS Cal Ripken Jr.
100%
Red Sox LF Carl Yastrzemski
100%
Braves 3B Chipper Jones
100%
Nationals (Expos) C Gary Carter
100%
Royals 3B George Brett
100%
Braves SP Greg Maddux
100%
Braves RF Hank Aaron
100%
Blue Jays LF Joe Carter
100%
Yankees CF Joe DiMaggio
100%
Reds C Johnny Bench
100%
Yankees 1B Lou Gehrig
100%
Yankees CF Mickey Mantle
100%
Mariners SP Randy Johnson
100%
Pirates RF Roberto Clemente
100%
Cardinals OF Stan Musial
100%
Red Sox LF Ted Williams
100%
Padres RF Tony Gwynn
100%
Tigers CF Ty Cobb
100%
Twins/Senators SP Walter Johnson
100%
Giants CF Willie Mays
100%
Giants LF Barry Bonds
80%
Orioles 3B Brooks Robinson
80%
Red Sox C Carlton Fisk
80%
Giants SP Christy Mathewson
80%
Mariners DH Edgar Martinez
80%
Cubs SS Ernie Banks
80%
Orioles RF Frank Robinson
80%
White Sox 1B/DH Frank Thomas
80%
Tigers 1B Hank Greenberg
80%
Pirates SS Honus Wagner
80%
Rangers C Ivan Rodriguez
80%
Dodgers 2B Jackie Robinson
80%
Astros 1B Jeff Bagwell
80%
White Sox LF Joe Jackson
80%
Mariners CF Ken Griffey Jr.
80%
Twins/Senators CF Kirby Puckett
80%
Phillies 3B Mike Schmidt
80%
Cardinals SS Ozzie Smith
80%
Nationals (Expos) SP Pedro Martinez
80%
Reds IF/OF Pete Rose
80%
Athletics RF Reggie Jackson
80%
Athletics LF Rickey Henderson
80%
Brewers SS/CF Robin Yount
80%
Red Sox SP Roger Clemens
80%
Dodgers SP Sandy Koufax
80%
Rockies 1B Todd Helton
80%
Braves SP Tom Glavine
80%
Mets SP Tom Seaver
80%
Nationals (Expos) OF Andre Dawson
60%
Cubs 1B Cap Anson
60%
Blue Jays SP Dave Stieb
60%
Padres RF Dave Winfield
60%
Athletics RP Dennis Eckersley
60%
Dodgers SP Don Drysdale
60%
Royals 2B Frank White
60%
Guardians (Indians) IF/DH Jim Thome
60%
Rangers RF Juan Gonzalez
60%
Rockies RF Larry Walker
60%
Mets C Mike Piazza
60%
Angels | Astros | Rangers SP Nolan Ryan
60%
Brewers IF Paul Molitor
60%
Angels | Twins/Senators IF Rod Carew
60%
Cardinals 2B Rogers Hornsby
60%
Phillies SP Steve Carlton
60%
Nationals (Expos) LF Tim Raines
60%
Padres RP Trevor Hoffman
60%
Guardians (Indians) CF Tris Speaker
60%
Dodgers Announcer Vin Scully
60%
Giants RF Willie McCovey
60%
Tigers RF Al Kaline
40%
Reds SS Barry Larkin
40%
Pirates 2B Bill Mazeroski
40%
Guardians (Indians) SP Bob Feller
40%
Brewers Announcer Bob Uecker
40%
Royals SP Bret Saberhagen
40%
Tigers 2B Charlie Gehringer
40%
Astros 2B Craig Biggio
40%
Rockies LF Dante Bichette
40%
Mets RF Darryl Strawberry
40%
Marlins RF/3B Gary Sheffield
40%
Blue Jays LF George Bell
40%
Twins/Senators IF/LF Harmon Killebrew
40%
Marlins LF Jeff Conine
40%
Orioles SP Jim Palmer
40%
Reds 2B Joe Morgan
40%
Astros LF Jose Cruz
40%
Guardians (Indians) SS Lou Boudreau
40%
Marlins 2B Luis Castillo
40%
White Sox SS Luke Appling
40%
Blue Jays 2B Roberto Alomar
40%
Phillies SP Robin Roberts
40%
Brewers RP Rollie Fingers
40%
Cubs 3B Ron Santo
40%
Cubs 2B Ryne Sandberg
40%
Pirates LF/1B Willie Stargell
40%
Rockies 1B Andres Galarraga
20%
Angels SP Chuck Finley
20%
Athletics Manager Connie Mack
20%
Marlins SS Edgar Renteria
20%
Phillies SP Grover Cleveland Alexander
20%
Mariners RF Jay Buhner
20%
Angels SS Jim Fregosi
20%
Mets 1B Keith Hernandez
20%
White Sox SS Luis Aparicio
20%
Rangers 1B Rafael Palmeiro
20%
Padres 1B Steve Garvey
20%
Royals DH Hal McRae
0%
No matching quizzes found
Score Distribution
Percent of People with Each Score
Percentile by Number Answered
Your Score History
You have not taken this quiz